00346nam a2200133Ia 4500008004100000020001500041041001200056082001600068100001500084245004300099260004700142300000800189650001500197221030s9999 xx 000 0 und d a0852263104 aEnglish a105.23bGer aH. Gerling 0aAll about Machine Toolscby H. Gerling bNew Age International PubaNew Delhic2000 a224 aMechanical